• 首页
  • 本馆介绍
  • 公告通知
  • 最新文献
  • 馆藏检索
  • 电子资源
  • 读者导购
  • 参考咨询
  • 我的图书馆
  • 登录
  • 详细信息显示
  • 放入我的书架
  • 预约/预借图书
  • 作者相关作品
  • 分类相关作品
  • 丛书相关作品
  • 出版社相关作品

书目信息

  • 表格格式
  • 工作单格式
  • 卡片格式
题名:
普通昆虫学
    
 
作者: 彩万志 编著
分册:  
出版信息: 北京   中国农业大学出版社  2001
页数: 503页
开本: 23cm
丛书名:
单 册:
中图分类: Q96
科图分类:
主题词: 昆虫学--高等学校--教材 , 昆虫学
电子资源:
ISBN: 978-7-81066-329-8
000 00812nam0 2200253 45
001 1050934781
005 20100420093019.09
010    @a978-7-81066-329-8@dCNY43.00
100    @a20100409e20092001em y0chiy0110 ea
101 0  @achi
102    @aCN@b110000
105    @aa z 000yy
106    @ar
200 1  @a普通昆虫学@APu Tong Kun Chong Xue@f彩万志等编著@FCai Wan Zhi Deng Bian Zhu
210    @a北京@c中国农业大学出版社@d2001@h2009
215    @a503页@c插图@d23cm
300    @a面向21世纪课程教材 中华农业科教基金资助图书
330    @a本书共有33章,其中包括:“昆虫的多样性”、“昆虫与人类的关系”、“昆虫学简史”等。
606 0  @a昆虫学@x高等学校@j教材
606 0  @a昆虫学
690    @aQ96@v4
701  0 @a彩万志@ACai Wan Zhi@4编著
801  0 @aCN@bTANGWEI@c20100420
905    @b0591907-11@dQ96@e23@f5
    
    普通昆虫学/彩万志等编著.-北京:中国农业大学出版社,2001(2009)
    503页:插图;23cm
    面向21世纪课程教材 中华农业科教基金资助图书
    
    ISBN 978-7-81066-329-8:CNY43.00
    本书共有33章,其中包括:“昆虫的多样性”、“昆虫与人类的关系”、“昆虫学简史”等。
●
相关链接 在E读中查询图书 在五车中查询图书 在当当中查询图书 在豆瓣中查询图书


正题名:普通昆虫学     索取号:Q96/23         预约/预借

序号 登录号 条形码 馆藏地/架位号 状态 备注
1 0591907   205919078   第二样本阅览室/ [索取号:Q96/23] 在馆    
2 0591908   205919087   第三借阅区/ [索取号:Q96/23] 在馆    
3 0591909   205919096   第三借阅区/ [索取号:Q96/23] 在馆    
4 0591910   205919103   第三借阅区/ [索取号:Q96/23] 在馆    
5 0591911   205919112   密集书库-生命科学系/ [索取号:Q96/23] 在馆    
唐山师范学院图书馆 欢迎您!
大连网信软件有限公司© 版权所有